00789nam a2200229 i 4500001000700000003000900007005001700016008004100033017001800074020002200092080002800114245010200142260003700244300002200281490004200303500005700345650003400402700003800436710002300474830003900497852002300536169345ES-MaACL20250911062846.0080901s2008 sp |||| | spa d aM-10.712-2008 a978-84-7522-678-1 a821.134.2-14"19"(082.2)04aLos senderos y el bosque b: XX años del Premio Loewe : antología /cLuis Antonio de Villena. aMadrid : bVisor Libros, c2008. a311 p. ; c20 cm.1 aColección Visor de poesía ; v678 aFundación Loewe: Premio Internacional de Poesía. 4aPoesías españolas-yS.XX.1 aVillena, Luis Antonio de, d1951-2 aFundación Loewe.0 aColección Visor de poesíav6784 aES-MaACLjL-29682